AFL Who Am I? - Statistics

General Stats
  • This quiz has been taken 2,195 times
  • The average score is 6 of 10
Answer Stats
Hint Answer % Correct
I was born 14th May, 1984. I was drafted in 2001 to Geelong and debut in 2002 v Essendon. I moved clubs to Gold Coast in 2011 and I have played over 300 games, who am I? Gary Ablett
93%
I was born 17th October, 1982 and was drafted in 2000 to St Kilda. I was the St Kilda captain in 2005 and 2007 till 2016. I won 6 Best and Fairests at St Kilda and I kicked 718 goals, who am I? Nick Riewoldt
79%
I was born 30th January, 1987 and was drafted in 2004. I played 182 games for Hawthorn before moving to Sydney in 2014. I have kicked 924 goals and am currently playing, who am I? Lance Franklin
75%
I was born 5th April, 1990 and was drafted in 2007. I debut in 2008 for Adelaide and moved to Geelong in 2016. I am a current player and have played over 200 games, who am I? Patrick Dangerfield
74%
I was born 1st March, 1952. Nicknamed Lethal, I played 332 games for Hawthorn kicking 915 goals and I coached Collingwood and Brisbane after retiring. I was the leading goalkicker 6 times at Hawthorn and I won 4 VFL Premierships in 1971, 1976, 1978 and 1983, who am I? Leigh Matthews
57%
I was born 31st May, 1967. I was 194cm and played 312 games for Carlton. I was full back in the team of the century and won 2 premerships in 1987 and 1995, who am I? Stephen Silvagni
48%
I was born 21st November, 1915. I played 210 games for Melbourne and 7 for Fitzroy kicking 572 goals. I have a medal named in my honour, who am I? Norm Smith
47%
I was born 1st March, 1969 and played for West Adelaide in the SANFL. I played 165 games for Adelaide and Fremantle kicking 588 goals. I represented the South Australian team from 1992-1997 6 times, who am I? Tony Modra
46%
I was born 27th Jully, 1933. I played 321 games for Footscray and coached 228 games for Footscray. I won a VFL Premiership in 1954 and was the leading goalkicker for Footscray in 1961,1962,194 and 1968, who am I? Ted Whitten
40%
I was born 30th July, 1943. I played 205 games for St Kilda and Richmond kicking 80 goals. I was inducted in the Richmond Hall of Fame and was the centre position of the Team of the Century. I went on to coach South Melbourne and Carlton for 144 games, who am I? Ian Stewart
17%
No matching quizzes found
Score Distribution
Percent of People with Each Score
Percentile by Number Answered
Your Score History
You have not taken this quiz